000 00891nam0a22002651 4500
001 rc\3013295
005 20250806201059.0
035 _a(NLR Aleph) 007155689
090 _a5560
_c5560
100 _a20110924d1945 u y0rusy50 ca
101 0 _arus
102 _aRU
105 _aa j |||||
200 1 _aТехническое оборудование гидроторфа
_e[Учебные таблицы]
210 _aМосква
_aЛенинград
_cГосэнергоиздат
_d1945
215 _aС. 21
_cтабл.
300 _aИст.: Журнал "Торфяная промышленность", 1946 г., № 12, с. 29
700 1 _aВасин
_bД.И.
801 0 _aRU
_bNLR
_gpsbo
801 1 _aRU
_bELAR
_2rusmarc
852 _aNLR
_jDesideratum
942 _cBOOK
945 _aРоссийская национальная библиотека
980 _aNB
980 _aBV